Price of Partition (Record no. 220900)
[ view plain ]
| 000 -LEADER | |
|---|---|
| fixed length control field | 00694nam a22002177a 4500 |
| 005 - DATE AND TIME OF LATEST TRANSACTION | |
| control field | 20211208163223.0 |
| 008 - FIXED-LENGTH DATA ELEMENTS--GENERAL INFORMATION | |
| fixed length control field | 211208b ||||| |||| 00| 0 eng d |
| 040 ## - CATALOGING SOURCE | |
| Transcribing agency | AL |
| 041 ## - LANGUAGE CODE | |
| Language code of text/sound track or separate title | eng |
| 082 ## - DEWEY DECIMAL CLASSIFICATION NUMBER | |
| Edition number | 23 |
| Classification number | 954.0359 |
| Item number | ZAKP |
| 100 ## - MAIN ENTRY--PERSONAL NAME | |
| Personal name | Rafiq Zakaria |
| 100 ## - MAIN ENTRY--PERSONAL NAME | |
| 9 (RLIN) | 11360 |
| 245 ## - TITLE STATEMENT | |
| Title | Price of Partition |
| Remainder of title | Recollections and Reflections |
| 260 ## - PUBLICATION, DISTRIBUTION, ETC. | |
| Place of publication, distribution, etc. | Mumbai |
| Name of publisher, distributor, etc. | Bharatiya Vidya Bhavan |
| Date of publication, distribution, etc. | 1998 |
| 300 ## - PHYSICAL DESCRIPTION | |
| Extent | xix,209 p. |
| Other physical details | HB |
| Dimensions | 21x14 cm. |
| 365 ## - TRADE PRICE | |
| Currency code | ₹ |
| Unit of pricing | ₹200.00 |
| 520 ## - SUMMARY, ETC. | |
| Summary, etc. | Presentation of events and circumstances leading to the partition of India. |
| 650 ## - SUBJECT ADDED ENTRY--TOPICAL TERM | |
| Topical term or geographic name entry element | India ,History ,Partition |
| 9 (RLIN) | 11361 |
| 650 ## - SUBJECT ADDED ENTRY--TOPICAL TERM | |
| Topical term or geographic name entry element | Politics and Government |
| 9 (RLIN) | 11362 |
| 700 ## - ADDED ENTRY--PERSONAL NAME | |
| Personal name | ZAKARIA (Rafiq) |
| 9 (RLIN) | 11363 |
| 942 ## - ADDED ENTRY ELEMENTS (KOHA) | |
| Source of classification or shelving scheme | Dewey Decimal Classification |
| Koha item type | George Fernandes Collections |
| Withdrawn status | Lost status | Source of classification or shelving scheme | Damaged status | Not for loan | Collection code | Home library | Current library | Date acquired | Total Checkouts | Full call number | Barcode | Date last seen | Cost, replacement price | Price effective from | Koha item type |
|---|---|---|---|---|---|---|---|---|---|---|---|---|---|---|---|
| Dewey Decimal Classification | History | St Aloysius Library | St Aloysius Library | 03/23/2013 | 954.0359 ZAKP | GF03029 | 12/08/2021 | 200.00 | 12/08/2021 | George Fernandes Collections |